000 00368nam a22001451a 4500
082 _aM3
_bMOH/H
100 _aMohankumar K V
245 _aHey, Rama/
_cMohankumar K V
260 _aKottayam:
_bSahitya Pravartaka Co-operative Society,
_c2010.
300 _a100p.
650 _aNovel Malayalam
650 _aLiterature Malayalam
650 _aLiterature
942 _cBK
999 _c17372
_d17372